Tennis par lettre - L - Statistiques

Statistiques générales
  • Ce quiz a été pris 70 fois
  • Le résultat moyen est 6 sur 10
Statistiques - réponses
Questions Réponses % Correct
Dans quelle ville anglaise se déroule le tournoi de Wimbledon ? Londres
97%
Quel membre des mousquetaires français a créé une célèbre marque où apparaît un crocodile ? René Lacoste
95%
Quel ATP 250 se déroule dans une ville du Rhône ? Lyon
88%
Quel joueur tchécoslovaque a remporté 3 US Open d'affilée entre 1985 et 1987 ? Ivan Lendl
70%
Quel gaucher français atteint la finale de Roland-Garros en 1988 face à Mats Wilander ? Henri Leconte
67%
Quel joueur australien est le seul à avoir remporté un grand chelem calendaire, en 1969 ? Rod Laver
66%
Quel joueur tchèque a échoué en quart de finale de l'US Open 2025 face à Alcaraz ? Jiri Lehecka
64%
Quel élégant joueur espagnol détient le record de participations consécutives en Grand Chelem ? Feliciano Lopez
36%
Quel joueur croate permet à la Croatie de remporter la Coupe Davis en 2005 ? Ivan Ljubicic
33%
Quel joueur équatorien des années 2000 a eu pour meilleur classement une 5ème place ? Nicolas Lapentti
17%
Aucun quiz correspondant
Distribution des résultats
% des personnes avec chaque résultat
Percentile par nombre de réponses
Votre historique - résultats
Vous n’avez pas pris ce quiz